Regional modeling at the Slovak academy of sciences

Gespeichert in:
Bibliographische Detailangaben
1. Verfasser: Domonkos, Tomáš
Weitere Verfasser: Radvanský, Marek
Format: Buchkapitel
Sprache:Englisch
Tags: Tag hinzufügen
Keine Tags, Fügen Sie das erste Tag hinzu!

MARC

LEADER 00000naa$a2200000$$$4500
001 0201735
005 20240502073410.9
041 0 |a eng 
044 |a SK 
245 1 0 |a Regional modeling at the Slovak academy of sciences  |c Tomáš Domonkos, Marek Radvanský 
100 1 |a Domonkos, Tomáš 
700 1 |a Radvanský, Marek